| 000 | 00466nam a2200193 4500 | ||
|---|---|---|---|
| 005 | 20180607104826.0 | ||
| 008 | 010816s1962 us engYA | ||
| 100 | 1 | _aBarth, Karl | |
| 245 | 1 | 0 |
_aCredo / _cKarl Barth. |
| 260 |
_aNew York : _bCharles Scribner's Sons, _cc1962. |
||
| 300 | _axvii, 203 p | ||
| 336 | _atext | ||
| 337 | _aunmediated | ||
| 338 | _avolume | ||
| 650 | 4 | _aApostles' Creed. | |
| 650 | 4 | _aCreeds. | |
| 951 | _x00014498 | ||
| 942 |
_2lcc _cBK |
||
| 999 |
_c2988 _d2988 |
||